000
00262nam a22001217a 4500
008
170918b xxu||||| |||| 00| 0 eng d
041
_a
eng
080
_a
7
100
_a
44
101
_a
art
245
_a
THE ARTISTS AMERICAN
_c
DEVIDSON.M.B
942
_2
udc
_c
BK
999
_c
27851
_d
27851